| 000 | 00781nam a22001697a 4500 | ||
|---|---|---|---|
| 005 | 20150124123027.0 | ||
| 008 | 120113t mx||||| |||| 00| 0 spa d | ||
| 050 | 0 | 4 |
_aF1306 .865 .O23 _bM35 1964 |
| 245 | 0 | 0 |
_aDon Melchor Ocampo / _cGobierno del Estado de Michoacán. |
| 250 | _a1a ed. | ||
| 260 |
_aMorelia, Michoacán de Ocampo, México : _bDepartamento de Coordinación de Actividades Educativas y Culturales del Gobierno de Michoacán, _c1964 |
||
| 300 |
_a126 p. ; _c22 cm. |
||
| 504 | _aIncluye índice | ||
| 600 | 1 | 7 |
_2LEMB _aOcampo, Melchor, _c[Don], _d[1814-1861], _q[José Telésforo Juan Nepomuceno Melchor de la Santísima Trinidad], _vBiografía |
| 651 | 7 |
_2LEMB _aMichoacán de Ocampo _zMéxico _xHistoria _xFederalismo y Centralismo,1821-1861 _vBiografías |
|
| 942 |
_2lcc _cLIB |
||
| 999 |
_c28084 _d28084 |
||